| 000 | 00437nam a22001697a 4500 | ||
|---|---|---|---|
| 003 | LK-CoDNM | ||
| 005 | 20250620145834.0 | ||
| 008 | 250620b |||||||| |||| 00| 0 eng d | ||
| 040 |
_aLK-CoDNM _dLK-CoDNM _eLK-CoDNM |
||
| 041 | _apli | ||
| 080 | _aC4 MS44.02 | ||
| 245 | _aරාජරත්නාකරය rajarathnakaraya | ||
| 300 | _afolls27,54cm | ||
| 650 | _apalm leaf | ||
| 650 | _aපුස්කොල | ||
| 942 | _cREF | ||
| 999 |
_c239785 _d239785 |
||